| 000 | 00712cam a22002171 4500 | ||
|---|---|---|---|
| 001 | sa 65002574 | ||
| 003 | DLC | ||
| 005 | 20260227112117.0 | ||
| 008 | 850422s1959 io f000 0 ind | ||
| 010 | _asa 65002574 | ||
| 035 | _a(OCoLC)11949224 | ||
| 040 |
_aDLC _cIDeKN _dDLC |
||
| 042 | _apremarc | ||
| 050 | 0 | 0 |
_aDS644.1.S3 _bA55 1959 |
| 110 | 1 |
_aIndonesia. _bPerdana Menteri. |
|
| 245 | 1 | 0 |
_aKeterangan Pemerintah tentang peristiwa pengeluaran Schmidt : _bdiutjaphan oleh Djuanda dalam rapat pleno Dewan Perwakilan Rakjat tanggal 24 April 1959. |
| 260 |
_a[Djakarta : _bKementerian Penerangan, _c1959]. |
||
| 300 |
_a20 p. ; _c21 cm. |
||
| 440 | 0 |
_aPenerbitan chusus; _v53 |
|
| 600 | 1 | 0 | _aSchmidt, Henricus. |
| 999 |
_c62701 _d62701 |
||